Gramática Hispano latina, teórico práctica: para el estudio simultáneo de las lenguas latina y castellana comparadas

Guardat en:
Dades bibliogràfiques
Autor principal: Miguel, Raimundo de (autor)
Format: Llibre
Idioma:espanyol
Publicat: Santiago Nicasio Ezquerra 1900
Edició:31a. ed
Matèries:
Etiquetes: Afegir etiqueta
Sense etiquetes, Sigues el primer a etiquetar aquest registre!

MARC

LEADER 00000nam a2200000 a 4500
001 UCY1623
003 CL-VaPUC
008 940909e19000000CL |||||||||||||||||spa|d
082 0 4 |a 475  |b MIG  |2 21 
100 |a Miguel, Raimundo de  |e autor  |9 510710 
245 1 0 |a Gramática Hispano latina, teórico práctica: para el estudio simultáneo de las lenguas latina y castellana comparadas 
250 |a 31a. ed 
300 |a 352 p 
942 |c BK 
945 |d 19940909 00:00:00  |a rbrito 
260 |a Santiago  |b Nicasio Ezquerra  |c 1900 
650 0 |a Latín   |9 269544 
650 0 |a Gramática  |9 270497 
650 0 |a Español  |9 255372 
583 |a last modification  |c 19940909 00:00:00  |k Rodrigo Vera 
999 |c 230272  |d 230270 
952 |0 0  |1 0  |4 0  |6 475_000000000000000_MIG_1900  |7 0  |8 A  |9 232401  |a BIBEDU  |b BIBEDU  |d 2019-11-15  |i 1561111  |l 4  |m 1  |o 475 MIG 1900  |p 1561111  |q 2024-08-02  |r 2024-07-03  |s 2024-07-03  |w 2019-11-15  |y BK  |k FIL 
952 |0 0  |1 0  |4 0  |6 475_000000000000000_MIG_1900  |7 0  |8 A  |9 232402  |a BIBEDU  |b BIBEDU  |c BIBEDU_PB  |d 2019-11-15  |i 1416758  |o 475 MIG 1900  |p 1416758  |r 2024-01-25  |w 2019-11-15  |y BK  |k LIT